|
|
|
|
| LEADER |
00624nam a22002052a 4500 |
| 001 |
001241685 |
| 003 |
CZ BrMZK |
| 005 |
20130423123947.0 |
| 007 |
ta |
| 008 |
120822s1974 gw er 000 0 ger d |
| 040 |
|
|
|a BOA001
|b cze
|
| 100 |
1 |
|
|a Storch, Franz,
|d 1927-1982
|7 kup19970000095716
|4 aut
|
| 245 |
1 |
0 |
|a Im Krawallhaus :
|b ein Lausbub entdeckt die Welt /
|c Franz Storch
|
| 250 |
|
|
|a 1. Aufl.
|
| 260 |
|
|
|a Berlin :
|b Union,
|c 1974
|
| 300 |
|
|
|a 195 s.
|
| 910 |
|
|
|a BOA001
|b 2-0739.232
|
| 990 |
|
|
|a BK
|
| 991 |
|
|
|b 201208
|
| 996 |
7 |
|
|b 2619574344
|c 2-0739.232
|l Sklad H1
|r Sklad / do 24 hodin
|n 0
|h HS212
|w 001275675
|u 000010
|a 1
|e BOA001
|j MZK50
|s A
|